[Event "Civil Service Ch 10th"]
[Site "Leeds"]
[Date "2000.??.??"]
[Round "3"]
[White "Maxwell, Alistair"]
[Black "Thurlow, Kevin J"]
[Result "1/2-1/2"]
[WhiteElo "1848"]
[BlackElo "2088"]
[PlyCount "69"]
[EventDate "2000.08.??"]
[EventType "swiss"]
[EventRounds "5"]
[EventCountry "ENG"]
[SourceTitle "BritBase"]
[Source "John Saunders"]
[SourceDate "2024.12.03"]
[SourceVersion "1"]
[SourceVersionDate "2024.12.03"]
[SourceQuality "1"]

1. c4 Nf6 2. Nf3 e6 3. g3 b6 4. Bg2 Bb7 5. O-O c5 6. Nc3 Be7 7. Re1 O-O 8. e4 d6 9. d4 cxd4 10. Nxd4 Nbd7 11. b3 a6 12. Bb2 Rb8 13. Qe2 Re8 14. Rad1 Qc7 15. h3 Bf8 16. Kh2 Rbd8 17. f4 e5 18. fxe5 Nxe5 19. Nd5 Bxd5 20. cxd5 b5 21. Rc1 Qb7 22. Nc6 Nxc6 23. dxc6 Qe7 24. e5 dxe5 25. Qxe5 Qb4 26. Qc3 Rxe1 27. Qxe1 Qxe1 28. Rxe1 Bd6 29. Rc1 Ne8 {draw offered} 30. Bd4 Bc7 31. Bc5 Rd3 32. Bf2 Nd6 33. Rc2 f5 34. Bf1 Rd5 35. Bg2 1/2-1/2

[Event "Civil Service Ch 10th"]
[Site "Leeds"]
[Date "2000.??.??"]
[Round "3"]
[White "Pheby, Ian M"]
[Black "Robson, Paul E"]
[Result "0-1"]
[WhiteElo "1872"]
[BlackElo "1848"]
[PlyCount "120"]
[EventDate "2000.08.??"]
[EventType "swiss"]
[EventRounds "5"]
[EventCountry "ENG"]
[SourceTitle "BritBase"]
[Source "John Saunders"]
[SourceDate "2024.12.03"]
[SourceVersion "1"]
[SourceVersionDate "2024.12.03"]
[SourceQuality "1"]

1. d4 g6 2. c4 c5 3. Nf3 cxd4 4. Nxd4 Bg7 5. Nc3 Nf6 6. e4 Nc6 7. Be3 Ng4 8. Qxg4 Nxd4 9. Qd1 Ne6 10. Qd2 O-O 11. Be2 d6 12. O-O Bd7 13. Rac1 Bc6 14. b4 b6 15. f4 Bxc3 16. Qxc3 Bxe4 17. g4 f5 18. Rce1 Rc8 19. Bc1 d5 20. Qe5 Qd6 21. cxd5 Qxe5 22. fxe5 Bxd5 23. gxf5 Rxf5 24. Bg4 Rxf1+ 25. Rxf1 Rc2 26. Bxe6+ Bxe6 27. Bh6 Bf5 28. Rf2 Rc4 29. Rf4 Rc2 30. Rf2 Kf7 31. Rxc2 Bxc2 32. Kf2 Ke6 33. Bg5 Kxe5 34. Bxe7 Kd4 35. Bg5 Kc3 36. a3 Ba4 37. Ke2 Kb2 38. Kd2 Kxa3 39. Kc3 Bd1 40. Bf4 Ka4 41. Bb8 a5 42. bxa5 Kxa5 43. Bd6 Kb5 44. Kd4 g5 45. Be7 g4 46. Bd8 Kc6 47. Bg5 b5 48. Bd2 Kd6 49. Bb4+ Ke6 50. Ke4 Kf6 51. Kf4 h5 52. Bc3+ Kg6 53. Bb4 h4 54. Be1 Kh5 55. Ke3 g3 56. hxg3 h3 57. Kf2 Kg4 58. Kg1 Kf5 59. g4+ Bxg4 60. Bg3 b4 0-1

[Event "Civil Service Ch 10th"]
[Site "Leeds"]
[Date "2000.??.??"]
[Round "3"]
[White "Walker, Martin Graham"]
[Black "Tolan, John"]
[Result "1/2-1/2"]
[WhiteElo "2184"]
[BlackElo "2000"]
[PlyCount "68"]
[EventDate "2000.08.??"]
[EventType "swiss"]
[EventRounds "5"]
[EventCountry "ENG"]
[SourceTitle "BritBase"]
[Source "John Saunders"]
[SourceDate "2024.12.03"]
[SourceVersion "1"]
[SourceVersionDate "2024.12.03"]
[SourceQuality "1"]

1. e4 c5 2. Nf3 Nc6 3. Bb5 Nf6 4. Qe2 e6 5. c3 Qb6 6. Bxc6 Qxc6 7. d3 b6 8. O-O Bb7 9. Nbd2 Be7 10. Re1 d6 11. Nf1 O-O 12. Ng3 Nd7 13. Bf4 Bf6 14. Rac1 e5 15. Bg5 Bxg5 16. Nxg5 f5 17. f3 f4 18. Nf5 Rae8 19. d4 g6 20. d5 Qc7 21. Nh6+ Kg7 22. Ne6+ Rxe6 23. dxe6 Nf6 24. Nf7 Re8 25. Rcd1 Rxe6 26. Ng5 Re7 27. c4 Bc8 28. Rd3 h6 29. Nh3 Bxh3 30. gxh3 Re6 31. Red1 Kf7 32. R1d2 Nd7 33. Qd1 Ke7 34. Qa4 Nb8 {after Nc6 and Nd4, white cannot make progress.} 1/2-1/2

[Event "Civil Service Ch 10th"]
[Site "Leeds"]
[Date "2000.??.??"]
[Round "4"]
[White "Brusey, Alan W"]
[Black "Pheby, Ian M"]
[Result "1-0"]
[WhiteElo "1936"]
[BlackElo "1872"]
[PlyCount "41"]
[EventDate "2000.08.??"]
[EventType "swiss"]
[EventRounds "5"]
[EventCountry "ENG"]
[SourceTitle "BritBase"]
[Source "John Saunders"]
[SourceDate "2024.12.03"]
[SourceVersion "1"]
[SourceVersionDate "2024.12.03"]
[SourceQuality "1"]

1. e4 c5 2. c3 Nf6 3. e5 Nd5 4. d4 cxd4 5. cxd4 d6 6. Bc4 Nb6 7. Bb5+ Bd7 8. e6 fxe6 9. Bd3 Qc7 10. Nc3 a6 11. Qh5+ Kd8 12. Nf3 Be8 13. Qg4 h6 14. Qxe6 Nc6 15. O-O Qd7 16. Qb3 Kc7 17. d5 Nd8 18. Be3 Nc8 19. Rac1 Kb8 20. Nd4 g5 21. Bf5 1-0

[Event "Civil Service Ch 10th"]
[Site "Leeds"]
[Date "2000.??.??"]
[Round "4"]
[White "Maxwell, Alistair"]
[Black "Wager, John D"]
[Result "1/2-1/2"]
[WhiteElo "1848"]
[BlackElo "2096"]
[PlyCount "45"]
[EventDate "2000.08.??"]
[EventType "swiss"]
[EventRounds "5"]
[EventCountry "ENG"]
[SourceTitle "BritBase"]
[Source "John Saunders"]
[SourceDate "2024.12.03"]
[SourceVersion "1"]
[SourceVersionDate "2024.12.03"]
[SourceQuality "1"]

1. c4 f5 2. e4 fxe4 3. d3 Nf6 4. Nc3 e5 5. Nxe4 Bb4+ 6. Bd2 Bxd2+ 7. Qxd2 Nc6 8. Nf3 d6 9. h3 Bf5 10. Ng3 Bd7 11. Be2 Qe7 12. O-O O-O 13. b4 g6 14. b5 Nd8 15. Ng5 h6 16. N5e4 Nxe4 17. Nxe4 Kh7 18. f4 exf4 19. Rxf4 Ne6 20. Rxf8 Rxf8 21. Bg4 Qg7 22. Re1 Nd4 23. Bxd7 1/2-1/2

[Event "Civil Service Ch 10th"]
[Site "Leeds"]
[Date "2000.??.??"]
[Round "4"]
[White "Pendlebury, Ian G"]
[Black "Coleman, G"]
[Result "1-0"]
[WhiteElo "1984"]
[BlackElo "1832"]
[PlyCount "63"]
[EventDate "2000.08.??"]
[EventType "swiss"]
[EventRounds "5"]
[EventCountry "ENG"]
[SourceTitle "BritBase"]
[Source "John Saunders"]
[SourceDate "2024.12.03"]
[SourceVersion "1"]
[SourceVersionDate "2024.12.03"]
[SourceQuality "1"]

1. d4 d5 2. Bg5 Nd7 3. e3 Ngf6 4. Nf3 e6 5. Bd3 c5 6. c3 Be7 7. Nbd2 O-O 8. O-O Re8 9. Ne5 Nf8 10. f4 N6d7 11. Qh5 Nxe5 12. Bxe7 Qxe7 13. fxe5 c4 14. Bc2 g6 15. Qh6 Nd7 16. Rf3 Qf8 17. Qf4 Qg7 18. g4 g5 19. Qg3 Rf8 20. Raf1 b5 21. Rf6 Rd8 22. Qh3 Nxf6 23. Rxf6 Kf8 24. Rh6 Ke7 25. Rxh7 Qg8 26. Qh5 Rf8 27. Nf3 Bd7 28. Nxg5 Be8 29. Qh6 Kd8 30. Rg7 Qh8 31. Qf6+ Kc8 32. Nxe6 1-0

[Event "Civil Service Ch 10th"]
[Site "Leeds"]
[Date "2000.??.??"]
[Round "4"]
[White "Tolan, John"]
[Black "Pickersgill, Adrian O"]
[Result "1-0"]
[WhiteElo "2000"]
[BlackElo "1864"]
[PlyCount "79"]
[EventDate "2000.08.??"]
[EventType "swiss"]
[EventRounds "5"]
[EventCountry "ENG"]
[SourceTitle "BritBase"]
[Source "John Saunders"]
[SourceDate "2024.12.03"]
[SourceVersion "1"]
[SourceVersionDate "2024.12.03"]
[SourceQuality "1"]

1. e4 c6 2. Nf3 d5 3. Nc3 Bg4 4. d4 e6 5. Bd3 Bb4 6. O-O Ne7 7. a3 Bxc3 8. bxc3 dxe4 9. Bxe4 Nd7 10. Re1 Nf6 11. Bd3 O-O 12. Qe2 Qa5 13. Bd2 Qd5 14. Qe3 Nf5 15. Bxf5 Bxf5 16. Qf4 Rfd8 17. Re5 Qd6 18. Qh4 Nd7 19. Re2 h6 20. Bf4 Qf8 21. Qg3 Kh8 22. Bd6 Qg8 23. Nh4 Qh7 24. Qf3 Nf6 25. Nxf5 Qxf5 26. Qxf5 exf5 27. Bf4 Re8 {draw offered} 28. Rae1 Rxe2 29. Rxe2 Re8 30. Kf1 Re6 31. c4 Kg8 32. Be5 Nd7 33. Bc7 Kf8 34. Rd2 Ke8 35. f3 f6 36. d5 cxd5 37. cxd5 Re3 38. Kf2 Rxa3 39. Re2+ Kf7 40. Bd6 1-0

[Event "Civil Service Ch 10th"]
[Site "Leeds"]
[Date "2000.??.??"]
[Round "4"]
[White "Lewyk, Ihor"]
[Black "Pope, Sean"]
[Result "1-0"]
[WhiteElo "1928"]
[BlackElo "1744"]
[PlyCount "105"]
[EventDate "2000.08.??"]
[EventType "swiss"]
[EventRounds "5"]
[EventCountry "ENG"]
[SourceTitle "BritBase"]
[Source "John Saunders"]
[SourceDate "2024.12.03"]
[SourceVersion "1"]
[SourceVersionDate "2024.12.03"]
[SourceQuality "1"]

1. e4 e6 2. d4 d5 3. exd5 exd5 4. Bd3 Nc6 5. Qe2+ Be6 6. Nf3 Be7 7. Bf4 Qd7 8. c3 O-O-O 9. b4 f6 10. h4 Bd6 11. Bxd6 Qxd6 12. O-O Nh6 13. Re1 Bf5 14. Bxf5+ Nxf5 15. Nbd2 Qd7 16. a4 Rhe8 17. Qd3 g6 18. Nb3 Nd6 19. b5 Nb8 20. Nc5 Qf5 21. Qxf5+ Nxf5 22. Kf1 Nd6 23. Nd2 c6 24. bxc6 bxc6 25. Rab1 Rxe1+ 26. Rxe1 Re8 27. Rxe8+ Nxe8 28. Ne6 Nd7 29. Ke2 Nc7 30. Nf4 Kd8 31. h5 Nf8 32. hxg6 hxg6 33. Kd3 Nce6 34. Ne2 Ke7 35. c4 dxc4+ 36. Kxc4 Nd7 37. a5 Nc7 38. Nc3 Kd6 39. Nde4+ Ke6 40. Nc5+ Nxc5 41. Kxc5 Kd7 42. Ne4 Nd5 43. g4 f5 44. gxf5 gxf5 45. Nd6 Ne7 46. Nc4 Kc7 47. a6 Nd5 48. Ne5 Nf4 49. Nxc6 Nd3+ 50. Kb5 Nxf2 51. Nxa7 Ne4 52. Ka5 f4 53. Nb5+ 1-0

[Event "Civil Service Ch 10th"]
[Site "Leeds"]
[Date "2000.??.??"]
[Round "4"]
[White "Collinson, Benjamin"]
[Black "Calvert, David Ian"]
[Result "1/2-1/2"]
[WhiteElo "2040"]
[BlackElo "1872"]
[PlyCount "66"]
[EventDate "2000.08.??"]
[EventType "swiss"]
[EventRounds "5"]
[EventCountry "ENG"]
[SourceTitle "BritBase"]
[Source "John Saunders"]
[SourceDate "2024.12.03"]
[SourceVersion "1"]
[SourceVersionDate "2024.12.03"]
[SourceQuality "1"]

1. e4 d5 2. exd5 Nf6 3. Be2 Nxd5 4. d4 g6 5. Nf3 Bg7 6. c4 Nb6 7. Nc3 O-O 8. h3 c5 9. Be3 cxd4 10. Bxd4 Bxd4 11. Qxd4 Qxd4 12. Nxd4 Nc6 13. Nxc6 bxc6 14. O-O Rd8 15. Rad1 Be6 16. b3 Rxd1 17. Rxd1 a5 18. Bf3 Rc8 19. Ne4 c5 20. Nc3 a4 21. Kf1 Kf8 22. Ke2 Ke8 23. Bb7 Rc7 24. Bf3 Bd7 25. Ke3 f5 26. Kf4 h6 27. h4 Kf7 28. Nd5 Nxd5+ 29. Rxd5 axb3 30. axb3 Kf6 31. g3 g5+ 32. hxg5+ hxg5+ 33. Ke3 e6 1/2-1/2

[Event "Civil Service Ch 10th"]
[Site "Leeds"]
[Date "2000.??.??"]
[Round "4"]
[White "Robson, Paul E"]
[Black "Walker, Martin Graham"]
[Result "0-1"]
[WhiteElo "1848"]
[BlackElo "2184"]
[PlyCount "114"]
[EventDate "2000.08.??"]
[EventType "swiss"]
[EventRounds "5"]
[EventCountry "ENG"]
[SourceTitle "BritBase"]
[Source "John Saunders"]
[SourceDate "2024.12.03"]
[SourceVersion "1"]
[SourceVersionDate "2024.12.03"]
[SourceQuality "1"]

1. c4 g6 2. g3 Nf6 3. Bg2 d5 4. cxd5 Nxd5 5. Nc3 Nxc3 6. bxc3 Bg7 7. Rb1 Nd7 8. Nf3 O-O 9. O-O c5 10. d4 Qa5 11. Qc2 Nb6 12. e4 cxd4 13. cxd4 Bg4 14. Be3 Rac8 15. Qe2 Qa4 16. Qb5 Bd7 17. Qxa4 Bxa4 18. Rb4 Rc4 19. Rfb1 Rfc8 20. Rxc4 Rxc4 21. Rc1 e6 22. Rxc4 Nxc4 23. Bf1 b5 24. Bd3 Bf8 25. Kf1 Nb2 26. Bb1 Bd1 27. Ne5 Na4 28. Bd2 Bd6 29. Nc6 a6 30. Ke1 Bf3 31. Bc2 Nb2 32. Na5 Kf8 33. Bc3 Ba3 34. Kd2 b4 35. Bxb2 Bxb2 36. Ke3 Bg4 37. f3 Bh3 38. Nb3 Ke7 39. Kd3 Bf1+ 40. Ke3 Bc4 41. Bb1 Kd6 42. e5+ Kc7 43. Nc5 Bc1+ 44. Kf2 a5 45. Nd3 Bd2 46. Ke2 Bc3 47. Ke3 Kc6 48. Nc5 Bb2 49. Nd3 Ba3 50. f4 a4 51. Nc5 Bc1+ 52. Ke4 b3 53. axb3 axb3 54. Na4 Kb5 55. Nc3+ Kb4 56. Nd1 b2 57. Kf3 Bd5+ 0-1

[Event "Civil Service Ch 10th"]
[Site "Leeds"]
[Date "2000.??.??"]
[Round "5"]
[White "Wager, John D"]
[Black "Robson, Paul E"]
[Result "1/2-1/2"]
[WhiteElo "2096"]
[BlackElo "1848"]
[PlyCount "53"]
[EventDate "2000.08.??"]
[EventType "swiss"]
[EventRounds "5"]
[EventCountry "ENG"]
[SourceTitle "BritBase"]
[Source "John Saunders"]
[SourceDate "2024.12.03"]
[SourceVersion "1"]
[SourceVersionDate "2024.12.03"]
[SourceQuality "1"]

1. b3 g6 2. Bb2 Nf6 3. e4 d6 4. g3 Bg7 5. Bg2 c5 6. Ne2 Nc6 7. O-O O-O 8. d3 Bd7 9. c3 Qc8 {draw offered} 10. Nd2 Bh3 11. Rc1 Bxg2 12. Kxg2 d5 13. f3 e5 14. Qc2 Qd7 15. Ba3 dxe4 16. dxe4 b6 17. Nc4 Rfd8 18. Rcd1 Qe6 19. Bc1 Rxd1 20. Rxd1 Rd8 21. Rxd8+ Nxd8 22. Qd3 Nc6 23. Ne3 Bh6 24. Nd5 Bxc1 25. Nxc1 Kg7 26. Ne2 Ne7 27. Nxf6 1/2-1/2

[Event "Civil Service Ch 10th"]
[Site "Leeds"]
[Date "2000.??.??"]
[Round "5"]
[White "Calvert, David Ian"]
[Black "Lewyk, Ihor"]
[Result "0-1"]
[WhiteElo "1872"]
[BlackElo "1928"]
[PlyCount "60"]
[EventDate "2000.08.??"]
[EventType "swiss"]
[EventRounds "5"]
[EventCountry "ENG"]
[SourceTitle "BritBase"]
[Source "John Saunders"]
[SourceDate "2024.12.03"]
[SourceVersion "1"]
[SourceVersionDate "2024.12.03"]
[SourceQuality "1"]

1. b3 d5 2. Bb2 Bg4 3. Nf3 Bxf3 4. gxf3 e6 5. e3 Nf6 6. f4 Nbd7 7. d3 Bb4+ 8. Nd2 Qe7 9. Bg2 h5 10. Qe2 {draw offered} Qc5 11. O-O-O Ba3 12. Nb1 Bxb2+ 13. Kxb2 a5 14. Nc3 a4 15. Nxa4 Rxa4 16. bxa4 Nb6 17. Rb1 Nxa4+ 18. Kc1 Nc3 19. Qe1 Nxb1 20. Kxb1 Ke7 21. Qc1 Ra8 22. Ka1 Ra4 23. Rd1 d4 24. e4 Rb4 25. a3 Qc3+ 26. Ka2 Rb5 27. Re1 Nd7 28. Re2 Nb6 29. a4 Nxa4 30. Qa3+ c5 0-1

[Event "Civil Service Ch 10th"]
[Site "Leeds"]
[Date "2000.??.??"]
[Round "5"]
[White "Cameron, Phil"]
[Black "Bowering, Charles"]
[Result "1/2-1/2"]
[WhiteElo "1768"]
[BlackElo "1888"]
[PlyCount "34"]
[EventDate "2000.08.??"]
[EventType "swiss"]
[EventRounds "5"]
[EventCountry "ENG"]
[SourceTitle "BritBase"]
[Source "John Saunders"]
[SourceDate "2024.12.03"]
[SourceVersion "1"]
[SourceVersionDate "2024.12.03"]
[SourceQuality "1"]

1. e4 e5 2. Nf3 Nc6 3. Bb5 a6 4. Bxc6 dxc6 5. d3 f6 6. Be3 Bd6 7. O-O Ne7 8. h3 Be6 9. Nbd2 Qd7 10. Kh2 g5 11. Nc4 Ng6 12. Ng1 h5 13. g3 O-O-O 14. Nxd6+ cxd6 15. Qd2 Qc7 16. f4 gxf4 17. gxf4 {32min} exf4 {60min} 1/2-1/2

[Event "Civil Service Ch 10th"]
[Site "Leeds"]
[Date "2000.??.??"]
[Round "5"]
[White "Coleman, G"]
[Black "Brusey, Alan W"]
[Result "1/2-1/2"]
[WhiteElo "1832"]
[BlackElo "1936"]
[PlyCount "31"]
[EventDate "2000.08.??"]
[EventType "swiss"]
[EventRounds "5"]
[EventCountry "ENG"]
[SourceTitle "BritBase"]
[Source "John Saunders"]
[SourceDate "2024.12.03"]
[SourceVersion "1"]
[SourceVersionDate "2024.12.03"]
[SourceQuality "1"]

1. c4 c6 2. d4 d5 3. cxd5 cxd5 4. Nc3 Nc6 5. Nf3 Nf6 6. Bf4 Bg4 7. Ne5 Bf5 8. e3 Qb6 9. Bb5 e6 10. O-O Be7 11. Qe2 a6 12. Bd3 Bxd3 13. Nxd3 O-O 14. Rfc1 Rac8 15. Na4 Qa7 16. h3 1/2-1/2

[Event "Civil Service Ch 10th"]
[Site "Leeds"]
[Date "2000.??.??"]
[Round "5"]
[White "Pendlebury, Ian G"]
[Black "Tolan, John"]
[Result "1/2-1/2"]
[WhiteElo "1984"]
[BlackElo "2000"]
[PlyCount "58"]
[EventDate "2000.08.??"]
[EventType "swiss"]
[EventRounds "5"]
[EventCountry "ENG"]
[SourceTitle "BritBase"]
[Source "John Saunders"]
[SourceDate "2024.12.03"]
[SourceVersion "1"]
[SourceVersionDate "2024.12.03"]
[SourceQuality "1"]

1. d4 Nf6 2. Nf3 d5 3. c3 Bg4 4. Bf4 e6 5. Qb3 Qc8 6. Nbd2 Nbd7 7. e3 Be7 8. Ne5 Bf5 9. Nxd7 Nxd7 10. c4 c6 11. Bd3 Bxd3 12. Qxd3 Nf6 13. h3 O-O 14. O-O Qd7 15. c5 Rae8 16. b4 a6 17. a4 Ra8 18. Rfb1 Bd8 19. Bd6 Re8 20. b5 axb5 21. axb5 Bc7 22. Bxc7 Qxc7 23. b6 Qe7 24. Qc3 e5 25. Rxa8 Rxa8 26. Ra1 Rb8 27. Nf3 exd4 28. exd4 Ne4 29. Qc2 f6 1/2-1/2

[Event "Civil Service Ch 10th"]
[Site "Leeds"]
[Date "2000.??.??"]
[Round "5"]
[White "Pheby, Ian M"]
[Black "Archer, Richard P"]
[Result "1/2-1/2"]
[WhiteElo "1872"]
[BlackElo "1888"]
[PlyCount "42"]
[EventDate "2000.08.??"]
[EventType "swiss"]
[EventRounds "5"]
[EventCountry "ENG"]
[SourceTitle "BritBase"]
[Source "John Saunders"]
[SourceDate "2024.12.03"]
[SourceVersion "1"]
[SourceVersionDate "2024.12.03"]
[SourceQuality "1"]

1. d4 d5 2. c4 c6 3. Nf3 Bf5 4. Nc3 e6 5. Bf4 Nf6 6. e3 Bd6 7. Bxd6 Qxd6 8. c5 Qc7 9. Be2 Nbd7 10. O-O O-O 11. b4 e5 12. Nxe5 Nxe5 13. dxe5 Qxe5 14. Qd4 Rfe8 15. Rfd1 Re7 16. Qxe5 Rxe5 17. Rd4 Rae8 18. Kf1 Nd7 19. Rad1 Nf8 20. Bf3 Ne6 21. R4d2 Ng5 1/2-1/2

[Event "Civil Service Ch 10th"]
[Site "Leeds"]
[Date "2000.??.??"]
[Round "5"]
[White "Pickersgill, Adrian O"]
[Black "Maxwell, Alistair"]
[Result "1/2-1/2"]
[WhiteElo "1864"]
[BlackElo "1848"]
[PlyCount "25"]
[EventDate "2000.08.??"]
[EventType "swiss"]
[EventRounds "5"]
[EventCountry "ENG"]
[SourceTitle "BritBase"]
[Source "John Saunders"]
[SourceDate "2024.12.03"]
[SourceVersion "1"]
[SourceVersionDate "2024.12.03"]
[SourceQuality "1"]

1. e4 Nf6 2. e5 Nd5 3. d4 d6 4. Nf3 dxe5 5. Nxe5 g6 6. Bc4 c6 7. Nc3 Be6 8. Ne4 f6 9. Nc5 Bc8 10. Nf3 e5 11. Ne4 f5 12. Ng3 e4 13. Ne5 1/2-1/2

[Event "Civil Service Ch 10th"]
[Site "Leeds"]
[Date "2000.??.??"]
[Round "5"]
[White "Walker, Martin Graham"]
[Black "Thurlow, Kevin J"]
[Result "1-0"]
[WhiteElo "2184"]
[BlackElo "2088"]
[PlyCount "59"]
[EventDate "2000.08.??"]
[EventType "swiss"]
[EventRounds "5"]
[EventCountry "ENG"]
[SourceTitle "BritBase"]
[Source "John Saunders"]
[SourceDate "2024.12.03"]
[SourceVersion "1"]
[SourceVersionDate "2024.12.03"]
[SourceQuality "1"]

1. e4 c5 2. Nf3 e6 3. c3 Nc6 4. Bb5 Nf6 5. Qe2 Qc7 6. O-O Be7 7. d4 a6 8. Bxc6 dxc6 9. Bg5 cxd4 10. cxd4 h6 11. Bh4 O-O 12. Nc3 Nh7 13. Bg3 Qa5 14. Ne5 Bf6 15. Nc4 Qd8 16. Bd6 Be7 17. e5 b5 18. Bxe7 Qxe7 19. Nd6 f5 20. Rac1 Ng5 21. Nb1 Nf7 $2 22. Rxc6 Nxd6 23. exd6 Qg5 24. Rc7 Rd8 25. Qf3 Rb8 26. Qc6 Qf4 27. d7 Qxc7 28. Qxc7 Bxd7 29. Nd2 Kh8 30. Nf3 1-0